000 00694nam a22002057a 4500
999 _c22403
_d22403
003 AR-CdUCM
008 190221b ||||| |||| 00| 0 spa d
020 _a9786124436208
040 _aMUNICIPALIDAD PROVINCIAL DEL CUSCO
_cBIBLIOTECA MUNICIPAL DEL CUSCO
082 _a869.56/P14A
_bP14A
100 _aPadilla Chalco, Feliciano
_9334
245 _a¡Aquí están los Montesinos! /
_cFeliciano Padilla
260 _aLima :
_bLluvia Editores,
_c2019.
300 _a205, [2] páginas. ;
_c24 cm.
440 _aColección Felipe Guamán Poma de Ayala. Nueva crónica y buen gobierno ;
_n4.
_948050
500 _aNovela
650 _aNovelas peruanas
_9545
942 _2ddc
_cLIBROS
945 _arac